Strategic choices (Record no. 58482)

MARC details
000 -LEADER
fixed length control field 00798nam a2200229 a 4500
008 - FIXED-LENGTH DATA ELEMENTS--GENERAL INFORMATION
fixed length control field 120416s1991 ||||||||||||||||| || u
020 ## - INTERNATIONAL STANDARD BOOK NUMBER
International Standard Book Number 0070510369
050 ## - LIBRARY OF CONGRESS CALL NUMBER
Classification number HD 30.28 Pri
100 ## - MAIN ENTRY--PERSONAL NAME
Personal name Primozic, Edward A
245 10 - TITLE STATEMENT
Title Strategic choices
246 ## - VARYING FORM OF TITLE
Title proper/short title supremacy, survival, or Sayonara
260 ## - PUBLICATION, DISTRIBUTION, ETC.
Place of publication, distribution, etc. New York
Name of publisher, distributor, etc. McGraw-Hill
Date of publication, distribution, etc. 1991
300 ## - PHYSICAL DESCRIPTION
Extent xvi, 272p. : ill.
350 ## - PRICE (NR) (BK AM CF MU VM SE) [OBSOLETE]
Price 0.00
500 ## - GENERAL NOTE
General note Includes bibliographical references and index.
650 #0 - SUBJECT ADDED ENTRY--TOPICAL TERM
Topical term or geographic name entry element MANAGEMENT
650 #0 - SUBJECT ADDED ENTRY--TOPICAL TERM
Topical term or geographic name entry element STRATEGIC PLANNING
700 ## - ADDED ENTRY--PERSONAL NAME
Personal name Primozic, Kenneth I
700 ## - ADDED ENTRY--PERSONAL NAME
Personal name Leben, Joe
856 ## - ELECTRONIC LOCATION AND ACCESS
Uniform Resource Identifier <a href="http://www.loc.gov/catdir/toc/mh021/90036642.html">http://www.loc.gov/catdir/toc/mh021/90036642.html</a>
995 ## - RECOMMENDATION 995 [LOCAL, UNIMARC FRANCE]
-- 0.00
-- CBU-MAIN LIBRARY (Kitwe)
-- 1
-- 24.95
-- 1
-- AVAILABLE
-- Annex Low-Usage Collection
Holdings
Withdrawn status Lost status Source of classification or shelving scheme Damaged status Not for loan Home library Current library Shelving location Date acquired Total Checkouts Full call number Barcode Date last seen Price effective from Koha item type
          CBU-MAIN LIBRARY, KITWE. CBU-MAIN LIBRARY, KITWE.   11/30/2022   HD 30.28 Pri 002782 11/30/2022 11/30/2022 MONOGRAPH